FA Cup Winners - Statistics

General Stats
  • This quiz has been taken 90 times
  • The average score is 26 of 45
Answer Stats
Winners Runners-
up
Last Year Team % Correct
8 9 2018 Chelsea
100%
8 7 2022 Liverpool
100%
8 7 2026 Manchester City
100%
13 9 2024 Manchester United
100%
14 7 2020 Arsenal
97%
8 1 1991 Tottenham Hotspur
95%
7 4 1957 Aston Villa
87%
5 8 1995 Everton
87%
6 7 1955 Newcastle United
85%
2 2 1973 Sunderland
79%
1 2 2025 Crystal Palace
77%
1 4 2021 Leicester City
77%
3 3 1835 Sheffield Wednesday
77%
4 2 1925 Sheffield United
74%
3 2 1980 West Ham United
74%
1 3 1972 Leeds United
72%
6 2 1928 Blackburn Rovers
67%
2 3 2008 Portsmouth
67%
4 4 1960 Wolverhampton Wanderers
67%
2 1 1959 Nottingham Forest
64%
1 0 1987 Coventry City
62%
1 0 1978 Ipswich Town
62%
5 5 1968 West Bromwich Albion
62%
4 3 1958 Bolton Wanderers
56%
1 2 1914 Burnley
56%
1 3 1976 Southampton
56%
2 5 1938 Preston North End
54%
1 0 1988 Wimbledon
51%
1 3 1946 Derby County
49%
1 4 1922 Huddersfield Town
49%
1 2 1953 Blackpool
46%
1 2 1927 Cardiff City
46%
5 0 1878 Wanderers
44%
2 0 1903 Bury
38%
1 1 1912 Barnsley
33%
2 4 1882 Old Etonians
33%
1 0 1883 Blackburn Olympic
28%
1 1 1894 Notts County
28%
1 0 1911 Bradford City
26%
1 3 1875 Royal Engineers
26%
1 0 1881 Old Carthusians
23%
1 3 1874 Oxford University
21%
1 1 1880 Clapham Rovers
13%
1 0 2013 Wigan Atlethic
5%
1 1 1947 Charlton Atlethic
3%
No matching quizzes found
Score Distribution
Percent of People with Each Score
Percentile by Number Answered
Your Score History
You have not taken this quiz